000 00303nam a2200097 a 4500
005 20200930070349.0
008 110901s1868 000 spa d
245 0 _aColección de documentos inéditos, relativos al descubrimiento, conquista y organización...
260 _aMadrid,
_c1868.
999 _c33073
_d33073
040 _aDO-SdBNP